000 00674nam a2200193 u 4500
001 000595745
003 AM-YeHGA
005 20250617141732.0
008 080822s1959 ||| r 000 0 rus d
040 _aAM-YeHGA
041 0 _arus
100 1 _aБелоусов, Михаил Васильевич
245 1 0 _aБеспокойные люди :
_b(Заметки журналиста) /
_cМ. Белоусов.
260 _aУльяновск :
_bУльяновск. кн. изд-во,
_c1959.
300 _a51 с.
653 0 _aПередовики сельского хозяйства - Очерки
400 0 _aМаленькая б-чка
090 _c245829
999 _c244244
_d244244